| 000 | 01075nam0a22002891 4500 | ||
|---|---|---|---|
| 001 | rc\4468068 | ||
| 005 | 20260407100534.0 | ||
| 021 |
_aRU _b[61-73763] |
||
| 035 | _a(NLR Aleph) 008594779 | ||
| 090 |
_a8666286 _c8666286 |
||
| 100 | _a20130416d1961 |||y0rusy50 ca | ||
| 101 | 0 | _arus | |
| 102 | _aRU | ||
| 105 | _aa z ||||| | ||
| 200 | 1 |
_aНаука, год 1961 _e(По павильонам выставки) _fВыставка достижений нар. хозяйства СССР. [Отд. информации и печати] |
|
| 210 |
_aМосква _cБ. и. _d1961 |
||
| 215 |
_a67 с. _cил. _d22 |
||
| 300 | _aАвт. указаны на обороте тит. л. | ||
| 606 |
_aНаука в СССР _2psbo |
||
| 700 | 1 |
_aВоронцов _bЛ.В. |
|
| 701 | 1 |
_aВладимиров _bС.В. |
|
| 712 | 0 | 2 |
_aВыставка достижений народного хозяйства СССР _cМосква _9349787 _3RU\NLR\AUTH\889927061 |
| 801 | 0 |
_aRU _bNLR _gpsbo |
|
| 801 | 1 |
_aRU _bELAR _2rusmarc |
|
| 852 |
_aNLR _j61-6/9623 |
||
| 942 | _cBOOK | ||
| 980 | _aNB | ||